Statistics for Category Elimination - Countries #2

Click here to take the quiz!

General Stats

  • This quiz has been taken 178,164 times
  • The average score is 14 of 20

Answer Stats

Group#Category% Correct
Green151Countries that are not landlocked
100%
Green39... with at least 15 million people
99%
Green74... in Asia or Africa
99%
Green9... and a maximum elevation over 5000m
90%
Orange104Countries with a land area over 100,000 km²
90%
Orange37... ends with the letter A
89%
Orange91... which are one word
89%
Blue94Countries starting with a letter after L
87%
Blue45... with fewer than 10 million people
84%
Purple98Countries whose capital city lies between
the Tropics of Cancer and Capricorn
71%
Blue10... which is landlocked
70%
Purple41... and has a land area over 200,000 km²
69%
Orange2... contains the letter V
61%
Purple15... and a maximum elevation over 4000m
60%
Blue4... lies entirely east of Istanbul
48%
Purple3... with at most 6 letters in its name
41%
Blue1... and borders RussiaMongolia
41%
Green1... with more than one word in its nameD.R. Congo
31%
Orange1... which lies south of the equatorBolivia
25%
Purple1... and fewer than 45 million peoplePeru
21%

Score Distribution

Percentile by Number Answered

Percent of People with Each Score

Your Score History

You have not taken this quiz